Beyoncé B'Day - Statistics

General Stats
  • This quiz has been taken 19 times
  • The average score is 9 of 11
Answer Stats
Hint Answer % Correct
1 Deja Vu
94%
4 Upgrade U
88%
7 Freakum Dress
81%
2 Get Me Bodied
81%
8 Green Light
81%
9 Irreplaceable
81%
6 Kitty Kat
81%
5 Ring The Alarm
81%
10 Resentment
69%
3 Suga Mama
69%
11 Check On It
50%
No matching quizzes found
Score Distribution
Percent of People with Each Score
Percentile by Number Answered
Your Score History
You have not taken this quiz